| 000 | 00723nam a2200181 4500 | ||
|---|---|---|---|
| 001 | 161035 | ||
| 003 | ES-MaACL | ||
| 005 | 20230906212200.0 | ||
| 008 | 950502m18491852fr ad |||| | fre d | ||
| 040 |
_aEUS _bspa _cEUS |
||
| 100 | 1 |
_aOrbigny, Alcide Dessalines d'. _9130664 |
|
| 245 | 1 | 0 |
_aCours élémentaire de paléontologie et de géologie stratigraphiques / _cpar Alcide d'Orbigny. |
| 260 |
_aParis : _bVictor Masson, _c1849-1852 ( _eCorbeil : _fTypogr. et stér. de Crété) |
||
| 300 |
_a3 v. y atlas ; _c29 cm. |
||
| 590 | 1 | _aDescripción basada en Brunet, 4792. | |
| 597 | 1 | _a17 h. : todas tablas. | |
| 852 |
_aES-MaACL _jB-6964-6966 _z-- Enc. hol. _q-- Falta el atlas _x-- Edic.: los tomos de texto miden 18 cm |
||
| 999 |
_c161035 _d161035 |
||